书目信息 |
| 题名: |
高血压病家庭医生
|
|
| 作者: | 良石 主编 ;石子奇 主编 | |
| 分册: | ||
| 出版信息: | 哈尔滨 黑龙江科学技术出版社 2010 |
|
| 页数: | 30,356页 | |
| 开本: | 24cm | |
| 丛书名: | ||
| 单 册: | ||
| 中图分类: | R544.1 | |
| 科图分类: | ||
| 主题词: | 高血压--防治 , 高血压 | |
| 电子资源: | ||
| ISBN: | 978-7-5388-5580-7 | |
| 000 | 00875nam0 2200265 45 | |
| 001 | 1050868312 | |
| 005 | 20100420093610.38 | |
| 010 | @a978-7-5388-5580-7@dCNY33.80 | |
| 100 | @a20100409d2010 em y0chiy50 ea | |
| 101 | 0 | @achi |
| 102 | @aCN@b230000 | |
| 105 | @ay z 000yy | |
| 106 | @ar | |
| 200 | 1 | @a高血压病家庭医生@AGao Xue Ya Bing Jia Ting Yi Sheng@f良石,石子奇主编@FLiang Shi, Shi Zi Qi Zhu Bian |
| 210 | @a哈尔滨@c黑龙江科学技术出版社@d2010 | |
| 215 | @a30,356页@d24cm | |
| 300 | @a中医专家谈 | |
| 330 | @a本书介绍了高血压病的发病原因、血压的检测、带病养生及相关知识对大家所关切的病的危害,病的疗方及保健措施等热点问题。 | |
| 606 | 0 | @a高血压@x防治 |
| 606 | 0 | @a高血压 |
| 690 | @aR544.1@v4 | |
| 701 | 0 | @a良石@ALiang Shi@f(1949~)@4主编 |
| 702 | 0 | @a石子奇@AShi Zi Qi@4主编 |
| 801 | 0 | @aCN@bTANGWEI@c20100420 |
| 905 | @b0591244-48@dR544.1@e122@f5 | |
| 高血压病家庭医生/良石,石子奇主编.-哈尔滨:黑龙江科学技术出版社,2010 |
| 30,356页;24cm |
| 中医专家谈 |
| ISBN 978-7-5388-5580-7:CNY33.80 |
| 本书介绍了高血压病的发病原因、血压的检测、带病养生及相关知识对大家所关切的病的危害,病的疗方及保健措施等热点问题。 |
| ● |
| 相关链接 |
|
|
|
|
正题名:高血压病家庭医生
索取号:R544.1/122
 
预约/预借
| 序号 | 登录号 | 条形码 | 馆藏地/架位号 | 状态 | 备注 |
| 1 | 0591244 | 205912440 | 第二样本阅览室/ [索取号:R544.1/122] | 在馆 | |
| 2 | 0591245 | 205912459 | 密集书库-生命科学系/ [索取号:R544.1/122] | 在馆 | |
| 3 | 0591246 | 205912468 | 第三借阅区/ [索取号:R544.1/122] | 在馆 | |
| 4 | 0591247 | 205912477 | 第三借阅区/ [索取号:R544.1/122] | 在馆 | |
| 5 | 0591248 | 205912486 | 第三借阅区/ [索取号:R544.1/122] | 在馆 |